000 00888nam a2200277Ia 4500
001 Para_335
003 CHAP
008 220125s1993 xx 000 0 und d
010 _a199090
040 _cCHAP
090 _aPA FOLLETO 3257
100 _aRodriguez Avila, J. Humberto
_9164427
245 _aArroz :
_b tecnologias de producción para el tropico humedo de México /
_c por J. Humberto Rodriguez Avila, [y otros]
260 _aMéxico :
_b INIFAP. Centro de Investigación Regional Sureste
300 _a31 p.
650 _aArroz
_x México
_97635
650 _aArroz
_x rendimiento
_97651
710 _aINIFAP. México. Centro de Investigación Regional Sureste
_9164428
901 _aPA FOLLETO 3257
902 _aA
905 _a0000001993 0000000000 00
910 _a1993
942 _cPARA
942 _cPARA
_d1
999 _c199090
_d199090